DFB Pokal- Vereinsleistungen - Statistiken

Allgemein
  • Dieses Quiz wurde 59 mal gespielt
  • Das Durchschnittsergebnis liegt bei 21 aus 36
Antwortstatistiken
Hint Antwort % Korrekt
Bayer 04 Leverkusen Pokalsieg
95%
FC Bayern München Pokalsieg
93%
VFB Stuttgart Pokalsieg
93%
Schalke 04 Pokalsieg
93%
RB Leipzig Pokalsieg
91%
Hamburger SV Pokalsieg
91%
Eintracht Frankfurt Pokalsieg
91%
Werder Bremen Pokalsieg
91%
Borussia Dortmund Pokalsieg
91%
1. FC Nürnberg Pokalsieg
88%
Borussia Mönchengladbach Pokalsieg
86%
Vfl Wolfsburg Pokalsieg
86%
1. FC Köln Pokalsieg
84%
SC Freiburg Finale
76%
FC Kaiserslautern Pokalsieg
74%
Arminia Bielefeld Finale
69%
Hannover 96 Pokalsieg
62%
St. Pauli Halbfinale
47%
FSV Mainz 05 Halbfinale
47%
Fortuna Düsseldorf Pokalsieg
47%
FC Heidenheim Viertelfinale
43%
SC Paderborn Viertelfinale
43%
Holstein Kiel Halbfinale
41%
Karlsruher SC Pokalsieg
41%
Dynamo Dresden Halbfinale
38%
Hertha BSC Berlin Finale
36%
SV Darmstadt 98 Viertelfinale
33%
Vfl Bochum Finale
28%
TSG 1899 Hoffenheim Viertelfinale
28%
FC Augsburg Halbfinale
24%
Eintracht Braunschweig Halbfinale
24%
FC Magdeburg Viertelfinale
24%
Greuther Fürth Halbfinale
22%
Preußen Münster Achtelfinale
21%
Union Berlin Finale
21%
SV Elversberg 2. Runde
14%
Keine übereinstimmenden Quizze gefunden
Verteilung der Resultate
Anzahl Personen mit jedem Resultat
Perzentil nach korrekt beantworteten Fragen
Ihre Resultats-Entwicklung
Sie haben dieses Quiz noch nicht gespielt